Statistiques concernant Première Guerre mondiale - Quiz

Cliquez ici pour prendre le quiz!

Statistiques générales

  • Ce quiz a été pris 748 fois
  • Le résultat moyen est 10 sur 18

Statistiques - réponses

QuestionRéponse% Correct
Nomme un membre de la triple-entente autre que la RussieFrance / Royaume-Uni
91%
Célèbre bataille de tranchée (Fév. - Déc. 1916)Bataille de Verdun
87%
Dans quel ville cet attentat a-t-il eu lieu?Sarajevo
86%
Quel pays vient en aide à l'Autriche-Hongrie juste après?Allemagne
84%
Quel empire est responsable du Génocide Arménien?Empire Ottoman
80%
Quel était sa nationalité?Serbe
76%
Date de signature de l'armistice entre la France et l'Allemagne11 novembre 1918
74%
Qui est l'Archiduc assassiné lors de cet attentat?François Ferdinand
73%
Révolutionnaire Communiste de la révolution d'Octobre (1917)Lénine
73%
Quel pays vient en aide à la Serbie après que l'Autriche-Hongrie a déclaré la guerre?Russie
69%
Tsar de Russie renverséNicolas II
58%
Quelle est la date de l'Attentat "déclencheur de la 1ère Guerre mondiale"?28 juin 1914
44%
Nombre de morts civils et soldats (en millions)18
39%
Nom du parti dirigé par luiBolchévique
32%
Date de signature du traité de Versailles28 juin 1919
31%
Comment s'appelle l'assassin?Gavrilo Princip
19%
Armistice entre les Bolsheviks et l'Allemagne (Traité de ___)Brest-Litovsk
15%
La Première Guerre mondiale était aussi une guerre ____________ (12 lettres)Industrielle
7%

Distribution des résultats

Percentile par nombre de réponses

% des personnes avec chaque résultat

Votre développement - résultats

Vous n’avez pas pris ce quiz